| 000 | 00359cam a2200145ua 4500 | ||
|---|---|---|---|
| 041 |
_ahin _h |
||
| 082 |
_a891.54 _bMYD/AR |
||
| 100 | _aMydhari, sharan gupt . | ||
| 245 |
_aArjan and Visarajan / _cMydhali sharan gupt. _hTextual Documents |
||
| 260 |
_a : _bsathiya sadan , _c1960. |
||
| 300 | _a32 ; . | ||
| 504 | _a | ||
| 942 | _cBK | ||
| 999 |
_c11638 _d11638 |
||